00460 2200181 4500001002100000005001500021035001900036245005900055100001200114300004000126260004200166082000700208084001300215022001300228863000900241990001400250990001400264INLIS00000000000053520210408083359$a 0010-0421000002$a Wis mangsane dhemen produk bangsane dhewek /$c Yusmanto$a Yusmanto$a 42 hlm : $b ilus ; $c 18.5 x 26.5 cm$a Banyumas :$b Yayasan Carablaka,$c 2021$a 050$a 050 YUS w$a 2087-023x$a April$a MA007/2021$a MA008/2021